| 000 | 00673cam a22002173a 4500 | ||
|---|---|---|---|
| 001 | 39744 | ||
| 003 | PGUSA | ||
| 005 | 20140828083903.0 | ||
| 008 | 120520s2012||||xxu|||||s|||||000 | eng d | ||
| 040 |
_aPGUSA _beng |
||
| 042 | _adc | ||
| 100 | 1 |
_aBjørnson, Bjørnstjerne, _d1832-1910 |
|
| 245 | 1 | 0 |
_aArne : _bEarly Tales and Sketches : Patriots Edition _h[electronic resource] / _cBjørnstjerne Bjørnson |
| 260 |
_bProject Gutenberg, _c2012 |
||
| 506 | _aPublic domain in the USA. | ||
| 516 | _aElectronic text | ||
| 700 | 1 |
_aAnderson, Rasmus Björn, _d1846-1936 |
|
| 830 | 0 |
_aProject Gutenberg _v39744 |
|
| 856 | 4 | 0 | _uhttp://www.gutenberg.org/ebooks/39744 |
| 942 | _cEB | ||
| 999 |
_c268997 _d268997 |
||